000 01227nam0a22002651 4500
001 rc\518792
005 20250621115153.0
035 _a(NLR Aleph) 005758064
090 _a4910682
_c4910682
100 _a20030616d1987 |||y0rusy50 ca
101 0 _arus
102 _aRU
105 _aa |||||||||
200 1 _aОсобенности эволюции земной коры суперконтинента Гондвана в раннем докембрии
_fВ.С. Семенов, И.А. Соловьев, А.П. Платунова, С.И. Турченко
210 _aМ.
_cВИЭМС
_d1987
215 _a54 с.
_cсхем.
_d20
225 1 _aОбщая и региональная геология, геологическое картирование
_eОбзор. информ.
_fВНИИ экономики минер. сырья и геол.-развед. работ
320 _aБиблиогр.: с. 53-54 (27 назв.)
701 1 _7ba
_8rus
_aСеменов
_bВ. С.
_cд-р физ.-мат. наук
_f1949-
_gВладимир Семенович
_9180658
_3RU\NLR\AUTH\770180709
801 0 _aRU
_bNLR
_gpsbo
801 1 _aRU
_bELAR
_2rusmarc
852 _aNLR
_j87-4/17892
942 _cBOOK
980 _aNB